| 000 | 01361cam a2200361 a 4500 | ||
|---|---|---|---|
| 001 | 13756219 | ||
| 005 | 20201128020744.0 | ||
| 008 | 041020s2004 caua 001 0 eng d | ||
| 010 | _a 2004303558 | ||
| 020 | _a1578203120 (pbk.) | ||
| 020 | _a9781578203123 | ||
| 035 | _a(OCoLC)ocm55141846 | ||
| 040 |
_aORX _cORX _dIHI _dOCLCQ _dDLC |
||
| 042 | _alccopycat | ||
| 050 | 0 | 0 |
_aHF5548.32 _b.R49 2004 |
| 082 | 0 | 0 |
_a658.872 _222 _bREY |
| 100 | 1 |
_aReynolds, Janice. _93269 |
|
| 245 | 1 | 4 |
_aThe complete e-commerce book : _bDesign, build & maintain a successful Web-based business / _cby Janice Reynolds. |
| 250 | _a2nd ed. | ||
| 260 |
_aSan Francisco : _bCMP Books ; _cc2004. |
||
| 300 |
_av, 374 p. : _bill. ; _c23 cm. |
||
| 500 | _aIncludes index. | ||
| 650 | 0 |
_aElectronic commerce. _93270 |
|
| 650 | 0 |
_aBusiness enterprises _xComputer networks. _93271 |
|
| 650 | 0 |
_aInternet marketing. _93272 |
|
| 650 | 0 |
_aWeb sites _xDesign. _93273 |
|
| 650 | 0 |
_aInternet. _93274 |
|
| 650 | 0 |
_aWorld Wide Web. _93275 |
|
| 655 |
_92197 _aE-Commerce- year 2. _vtext book _xComputer Science _ySemester 2. 2008/2009 |
||
| 856 | 4 | 2 |
_3Publisher description _uhttp://www.loc.gov/catdir/enhancements/fy0703/2004303558-d.html |
| 942 |
_2ddc _cBB |
||
| 999 |
_c11208 _d11208 |
||